| 000 | 00490nam a2200181Ia 4500 | ||
|---|---|---|---|
| 999 |
_c14854 _d14854 |
||
| 003 | OSt | ||
| 005 | 20201023121820.0 | ||
| 008 | 190216s9999||||xx |||||||||||||| ||und|| | ||
| 020 | _a9781609414115 | ||
| 040 | _coclc | ||
| 082 |
_a813.6 _bYOU/S |
||
| 100 |
_a Young, Paul W M _95762 |
||
| 245 | 4 |
_aThe Shack / _cW M Paul Young |
|
| 260 |
_bWind Blown Media, _c2011. _aCalifornia: |
||
| 300 | _a279p | ||
| 650 | _aEng | ||
| 942 |
_cBK _2ddc _h813.6 _iYOU/S _k813.6 _mYOU/S |
||